| 000 | 00472nam a22001577a 4500 | ||
|---|---|---|---|
| 005 | 20251209114132.0 | ||
| 008 | 251209b |||||||| |||| 00| 0 eng d | ||
| 020 | _a978-93-8651-514-8 | ||
| 050 | _aKNS 50.B493 2018 | ||
| 100 | _aBHATIA K.L | ||
| 245 |
_aMOOT COURT AND MOCK TRIAL _bART TO AND ART OF ADVOCACY:ESSENTIALS OF COURT CRAFT |
||
| 260 |
_aINDIA _bLEXIS AND NEXIS _c2018 |
||
| 300 | _aX,284 | ||
| 650 | _aMoot courts-india Mock traits india | ||
| 942 |
_2lcc _cBK |
||
| 999 |
_c216342 _d216342 |
||